000 00574nam a22001697a 4500
003 OSt
005 20260408102250.0
008 260408b |||||||| |||| 00| 0 eng d
040 _cMRSPTU
041 _aEnglish
100 _aRiya, Supervisor: Dr. Kawaljit Singh Sandhu
245 _aDevelopment of Cake Pre-mix by Replacing the Fat by Addition of Quince Mucilage
260 _bDepartment of Food Science & Technology, MRSPTU, Bathinda
_c2022
650 _aFood Science & Technology
856 _uhttp://163.47.215.52:8080/jspui/handle/123456789/516
942 _2ddc
_cTH
_n0
999 _c11384
_d11384